000 00781cab a22001935a 4500
001 L154093
008 111012e20111008xxk 000 0 eng d
035 _a(Sirsi) u154093
041 0 _aeng
245 0 0 _aFranks and another v Bedward and another
260 _c2011
490 _aEstates Gazette
_v[2011] 40 EG 102-111(10)
520 _a[2011] EWCA Civ 772, 7 July 2011. Appeal against HC's decision allowing the reinstatement of a land registration application with its original date of registration. Appeal dismissed. HC decision upheld.
590 _aKA
650 2 4 _aFRANKS AND ANOTHER V BEDWARD AND ANOTHER
651 4 _aEngland and Wales
_y1543-
690 _aPROPERTY-PROPERTY ACQUISITION AND DISPOSAL-REGISTRATION OF TITLE TO PROPERTY-LAND REGISTRATION
942 _n0
999 _c83493
_d83493